Online Catalogue and eLibrary

Socialist communist interaction in India / (Record no. 455)

MARC details
000 -LEADER
fixed length control field 00623cam a2200217 a 4500
001 - CONTROL NUMBER
control field 2992615
005 - DATE AND TIME OF LATEST TRANSACTION
control field 20240221051824.0
008 - FIXED-LENGTH DATA ELEMENTS--GENERAL INFORMATION
fixed length control field 921023s1991 ii b 011 0 eng
020 ## - INTERNATIONAL STANDARD BOOK NUMBER
ISBN 8120203194
040 ## - CATALOGING SOURCE (பட்டியலாக்க மூலம்)
Original cataloging agency DLC
Transcribing agency DLC
Modifying agency DLC
082 00 - DDC Classification
Class No. 320.5
DDC Edition Number 20
Item Number - Author Mark SOC.
100 1# - MAIN ENTRY--PERSONAL NAME
Personal name Limaye, Madhu.
245 10 - TITLE STATEMENT
Title Socialist communist interaction in India /
Statement of responsibility, etc. Madhu Limaye.
260 ## - PUBLICATION, DISTRIBUTION, ETC.
Place of publication, distribution, etc. Delhi :
Name of publisher, distributor, etc. Ajanta Publications (India) :
-- Distributors, Ajanta Books International,
Date of publication, distribution, etc. 1991.
300 ## - PHYSICAL DESCRIPTION
Extent (e.g. Volumes, Pages etc.) x, 393 p. ;
500 ## - GENERAL NOTE
General note Includes index.
650 #0 - SUBJECT ADDED ENTRY--TOPICAL TERM
Topical term or geographic name entry element Socialism
650 #0 - SUBJECT ADDED ENTRY--TOPICAL TERM
Topical term or geographic name entry element Communism
700 1# - ADDED ENTRY--PERSONAL NAME
Personal name Fernandes, George,
Relator term (Role) Editor
942 ## - Koha item type (Biblio)
Koha item type Books in Stacks (Lending)
Holdings
Lost status Damaged status Collection code Home library Current library Date acquired Full call number Accession Number Item type
    Lending WERC Library WERC Library 02/21/2024 320.5 SOC. 539 Books in Stacks (Lending)

© WERC Library